000 00707cmc a22001815a 4500
001 L142187
008 080128i19341995xxk f 000 0 eng d
035 _a(Sirsi) u142187
041 0 _aeng
110 2 _aRoyal Institution of Chartered Surveyors
_bEducation and Training
_94397
245 0 1 _a[Examination books and marks registers]
_h[electronic resource]
260 _c1934-1995
300 _a8 CD-ROMs
520 _aItem contains scanned images of RICS examination books and marks registers from 1934 to 1995. The Education Department in Coventry hold another copy, and the Library also holds the hard-copy documents.
651 4 _aUnited Kingdom
_y
690 _aABOUT RICS-RICS MEMBERS
942 _n0
999 _c85457
_d85457